Is there such city in Israel? - Statistics

General Stats
  • This quiz has been taken 28 times
  • The average score is 11 of 13
Answer Stats
Question Answer % Correct
Canada No
100%
Ashkenaz No
100%
Soliva No
100%
Hasbara No
100%
Ashdod Yes
100%
Kiryat Shmona Yes
100%
Rehovot Yes
92%
Ariel Yes
92%
Teva No
75%
Barooch No
75%
Yahood Yes
75%
Be'er Haim No
67%
Tel-mond Yes
67%
No matching quizzes found
Score Distribution
Percent of People with Each Score
Percentile by Number Answered
Your Score History
You have not taken this quiz